000 00778nam a2200205 i 4500
001 167559
003 ES-MaACL
005 20230906213542.0
008 050926s1870 sp af | |||||||| ||fre d
040 _aCAM
_bspa
_cCAM
100 1 _aVillain, Henri.
_9133734
245 1 4 _aLes mystères d'une bougie
_b: la combustion, la lumière, la chaleur /
_cpar Henri Villain.
260 _aParis :
_bP. Brunet, libraire-éditeur,
_c1870 (
_fImp. Briez, C. Paillart et Retaux)
300 _a207, [2] p. :
_bil. ;
_c19 cm.
490 1 _aBibliothèque de la science pittoresque
650 4 _aEnergía térmica.
_9135979
830 0 _aBibliothèque de la science pittoresque
_9187934
852 _aES-MaACL
_jD-3764
_z-- Rúst.
_z-- Legado de Modesto de la Fuente
999 _c167559
_d167559